Laws and explanation in the social sciences : defending a science of human behavior /

Bibliographic Details
Main Author: McIntyre, Lee C.
Format: Book
Language:English
Published: Boulder, Colo. : Westview Press, 1996.
Subjects:

MARC

Tag First Indicator Second Indicator Subfields
LEADER 00000cam a2200000 a 4500
001 in00001291913
005 20151004094200.0
008 951129s1996 cou b 001 0 eng
010 |a  95049746  
020 |a 0813328284 (alk. paper) 
035 |a (OCoLC)34281771  
035 |9 AGZ9169AM 
040 |a DLC  |c DLC  |d IAY  |d C#P  |d TXA  |d UtOrBLW 
049 |a TXAM 
050 0 0 |a B63  |b .M45 1996 
082 0 0 |a 300/.1  |2 20 
100 1 |a McIntyre, Lee C. 
245 1 0 |a Laws and explanation in the social sciences :  |b defending a science of human behavior /  |c Lee C. McIntyre. 
264 1 |a Boulder, Colo. :  |b Westview Press,  |c 1996. 
300 |a x, 197 pages ;  |c 25 cm. 
336 |a text  |b txt  |2 rdacontent 
337 |a unmediated  |b n  |2 rdamedia 
338 |a volume  |b nc  |2 rdacarrier 
504 |a Includes bibliographical references (pages 177-188) and index. 
650 0 |a Philosophy and social sciences. 
650 0 |a Social sciences  |x Philosophy. 
650 0 |a Psychology and philosophy. 
999 |a MARS 
999 f f |s 98c74044-0f0a-38d7-bd29-a1dc01bd9986  |i 27a8e423-3011-337e-888c-d277a369806c  |t 0 
952 f f |p ric  |a Texas A&M University  |b Rellis Campus  |c Joint Library Facility  |d Remote Storage  |t 0  |e B63 .M45 1996  |h Library of Congress classification  |i unmediated -- volume  |m A14819954807 
998 f f |a B63 .M45 1996  |t 0  |l Remote Storage